| 000 | 00362nam a2200133Ia 4500 | ||
|---|---|---|---|
| 008 | 221030s9999 xx 000 0 und d | ||
| 041 | _aEnglish | ||
| 082 | _a105.23 | ||
| 100 | _aW. Stallings | ||
| 245 | 0 |
_aNetwork Security Essentials : Applications & Standards _cby W. Stallings |
|
| 260 |
_bPearson Education _aDelhi _c2006 |
||
| 650 | _aComputers | ||
| 942 | _cBK | ||
| 999 |
_c518 _d518 |
||